ARRUPE JESUIT UNIVERSITY

CORONAVIRUS -STOP THE SPREAD - CLEAN,DISINFECT,COVER

African philosophy : (Record no. 128417)

MARC details
000 -LEADER
fixed length control field 01022cam a2200301 a 4500
001 - CONTROL NUMBER
control field 18127751
003 - CONTROL NUMBER IDENTIFIER
control field ARRUPE
005 - DATE AND TIME OF LATEST TRANSACTION
control field 20181023091418.0
008 - FIXED-LENGTH DATA ELEMENTS--GENERAL INFORMATION
fixed length control field 140425s2014 ug b 001 0 eng d
010 ## - LIBRARY OF CONGRESS CONTROL NUMBER
LC control number 2013439935
020 ## - INTERNATIONAL STANDARD BOOK NUMBER
International Standard Book Number 9789970253074
020 ## - INTERNATIONAL STANDARD BOOK NUMBER
International Standard Book Number 9970253077
035 ## - SYSTEM CONTROL NUMBER
System control number (OCoLC)ocn870290554
040 ## - CATALOGING SOURCE
Original cataloging agency BTCTA
Language of cataloging eng
Transcribing agency BTCTA
Modifying agency YDXCP
-- OL$
-- KSU
-- CDX
-- OCLCF
-- DLC
042 ## - AUTHENTICATION CODE
Authentication code lccopycat
-- lcode
043 ## - GEOGRAPHIC AREA CODE
Geographic area code f------
050 00 - LIBRARY OF CONGRESS CALL NUMBER
Classification number B5305
Item number .L34 2014
082 04 - DEWEY DECIMAL CLASSIFICATION NUMBER
Classification number 199.6
Edition number 23
300 ## - PHYSICAL DESCRIPTION
Dimensions 21 cm.
100 1# - MAIN ENTRY--PERSONAL NAME
Personal name Lajul, Wilfred.
9 (RLIN) 43044
245 10 - TITLE STATEMENT
Title African philosophy :
Remainder of title critical dimensions /
Statement of responsibility, etc Wilfred Lajul.
260 ## - PUBLICATION, DISTRIBUTION, ETC. (IMPRINT)
Place of publication, distribution, etc Kampala, Uganda :
Name of publisher, distributor, etc Fountain Publishers,
Date of publication, distribution, etc 2014.
300 ## - PHYSICAL DESCRIPTION
Extent xi, 255 p. ;
504 ## - BIBLIOGRAPHY, ETC. NOTE
Bibliography, etc Includes bibliographical references (p. 233-248) and index.
650 #0 - SUBJECT ADDED ENTRY--TOPICAL TERM
Topical term or geographic name as entry element Philosophy, African.
9 (RLIN) 43045
906 ## - LOCAL DATA ELEMENT F, LDF (RLIN)
a 7
b cbc
c copycat
d 3
e ncip
f 20
g y-gencatlg
942 ## - ADDED ENTRY ELEMENTS (KOHA)
Source of classification or shelving scheme Library of Congress Classification
Koha item type Monograph ( Printed materials)
Holdings
Withdrawn status Lost status Source of classification or shelving scheme Damaged status Not for loan Collection code Home library Current library Shelving location Date acquired Total Checkouts Full call number Barcode Checked out Date last seen Date checked out Price effective from Koha item type
    Library of Congress Classification     Main Collection ARRUPE LIBRARY ARRUPE LIBRARY Main Collection 23/10/2018 2 B5305 .L34 2014 46600002964 25/12/2018 11/12/2018 11/12/2018 23/10/2018 Monograph ( Printed materials)

 

Arrupe Library. PO Box MP320 Mt Pleasant, Harare, Zimbabwe
263 242 745411|librarian@aju.ac.zw